000 00702cam a2200217 4500500
005 20260405003958.0
041 _afre
042 _adc
100 1 0 _aLacroix, Alexandre
_eauthor
245 0 0 _aGrotte Chauvet, Lascaux… L’art préhistorique saisi par Baptiste Morizot et son “hypothèse jizz”
260 _c2025.
500 _a43
690 _aArt
690 _aBaptiste Morizot
690 _aGrotte Chauvet
690 _aLascaux
690 _aPréhistoire
690 _aVivant
786 0 _nPhilosophie magazine | 195 | 13 | 2025-12-01 | p. 108-117 | 1951-1787
856 4 1 _uhttps://shs.cairn.info/magazine-philosophie-magazine-2025-13-page-108?lang=fr&redirect-ssocas=7080
999 _c2072610
_d2072610